[Event "Challenge"]
[Site "http://www.queenalice.com/game.php?id=723595"]
[Date "2010.1.31"]
[Round "-"]
[White "Guerreiro10000"]
[Black "shatranj"]
[Result "1-0"]
[WhiteElo "1831"]
[BlackElo "1060"]

1. e4 e5 2. Nf3 Nc6 3. Nc3 Nf6 4. Bc4 Bc5 5. O-O Ng4 6. d3 O-O 7. Qe2 d6 8. Be3
Nb4 9. Bxc5 dxc5 10. a3 Nc6 11. Nd5 a6 12. h3 Nh6 13. c3 b5 14. Bb3 Rb8 15. d4
cxd4 16. cxd4 exd4 17. Rad1 b4 18. Qc4 Qd6 19. Nxd4 Bd7 20. Qxa6 Qe5 21. Nxc6
Qxe4 22. Nxb8 c6 23. Nxc6 Bc8 24. Nce7+ Kh8 25. Nxc8 Nf5 26. Nxb4 Nh4 27. Bd5
Qf5 28. Nd6 Qe5 29. Nxf7+ Kg8 30. Nxe5+ Kh8 31. Qd6 Rg8 32. Nf7# 1-0

[Event "Challenge"]
[Site "http://www.queenalice.com/game.php?id=723596"]
[Date "2010.1.31"]
[Round "-"]
[White "shatranj"]
[Black "Guerreiro10000"]
[Result "0-1"]
[WhiteElo "1060"]
[BlackElo "1696"]

1. e4 e5 2. Nf3 Nc6 3. Nc3 Bc5 4. Bc4 Nf6 5. O-O O-O 6. d3 h6 7. Nh4 d6 8. Nf3
Be6 9. b3 Nd4 10. Bxe6 Nxf3+ 11. Qxf3 fxe6 12. Qg3 Nh5 13. Qg6 Qe8 14. Qg4 Rf6
15. Nb5 Qxb5 16. Qe2 Qe8 17. Qg4 Bd4 18. Rb1 d5 19. Be3 Qg6 20. Qh4 Raf8 21.
Rbe1 Nf4 22. g3 Nh5 23. g4 Bxe3 24. Rxe3 Nf4 25. Qg3 d4 26. Ree1 Qe8 27. g5 Rg6
28. Rc1 Ne2+ 29. Kg2 Nxg3 30. hxg3 Rxg5 31. a4 Qf7 32. f4 exf4 33. Rf3 Qg6 34.
Kf2 fxg3+ 35. Ke2 Qh5 36. Rf1 g2 37. Kf2 Qxf3+ 38. Ke1 gxf1=Q+ 39. Kd2 Rg2# 0-1

[Event "AUTO-OPEN-1862"]
[Site "http://www.queenalice.com/game.php?id=724006"]
[Date "2010.2.1"]
[Round "1"]
[White "maurice91"]
[Black "Guerreiro10000"]
[Result "0-1"]
[WhiteElo "1762"]
[BlackElo "1500"]

1. c4 e5 2. Nc3 c5 3. d3 Nc6 4. g3 b6 5. Bg2 Bb7 6. e3 Rb8 7. Nge2 Nf6 8. Qc2
Nb4 9. Qa4 Bxg2 10. Rg1 Nxd3+ 11. Kd2 Bc6 12. Qc2 Nxf2 13. a4 a5 14. b3 e4 15.
Nf4 Bd6 16. Ncd5 N2g4 17. h3 Ne5 18. Ke2 O-O 19. Bb2 Bxd5 20. cxd5 Nf3 21. Rgf1
Qe7 22. Rxf3 exf3+ 23. Kxf3 Be5 24. Rd1 Bxb2 25. Qxb2 Qe4+ 26. Kf2 Rbe8 27. Qc3
Re7 28. Re1 Nxd5 29. Nxd5 Qxd5 30. g4 Re6 31. Rg1 Rf6+ 32. Ke2 Qf3+ 33. Kd3 Qxh3
34. Qe1 Re8 35. g5 Qf5+ 36. e4 Rd6+ 37. Kc4 Rxe4+ 0-1

[Event "AUTO-OPEN-1862"]
[Site "http://www.queenalice.com/game.php?id=724028"]
[Date "2010.2.1"]
[Round "1"]
[White "negaadelaide"]
[Black "Guerreiro10000"]
[Result "0-1"]
[WhiteElo "1819"]
[BlackElo "1782"]

1. d4 d5 2. c4 c6 3. e3 Nf6 4. h3 Nbd7 5. Nf3 e6 6. a3 c5 7. dxc5 Bxc5 8. cxd5
exd5 9. Bb5 O-O 10. O-O a6 11. Be2 b5 12. Nc3 Bb7 13. Bd2 Re8 14. Qc2 Ne5 15.
Nd4 Bxd4 16. exd4 Ng6 17. Bg5 Qd6 18. Bh5 Nxh5 19. Rfe1 h6 20. Bd2 Rad8 21. Rac1
Bc8 22. Ne2 Qf6 23. Ng3 Nxg3 24. fxg3 Qxd4+ 25. Kh1 Bf5 26. Qxf5 Qxd2 27. Rxe8+
Rxe8 28. Qc2 Re1+ 0-1

[Event "AUTO-OPEN-1862"]
[Site "http://www.queenalice.com/game.php?id=724029"]
[Date "2010.2.1"]
[Round "1"]
[White "Guerreiro10000"]
[Black "negaadelaide"]
[Result "1/2-1/2"]
[WhiteElo "1890"]
[BlackElo "1810"]

1. e4 d5 2. exd5 Qxd5 3. Nc3 Qd8 4. Nf3 Nc6 5. Be2 Nf6 6. O-O e5 7. Bc4 h6 8. d3
a6 9. Re1 Bd6 10. h3 O-O 11. a3 Bd7 12. b4 Nd4 13. Bb2 Bc6 14. Nxd4 exd4 15. Ne4
Nxe4 16. dxe4 Be5 17. Rb1 b5 18. Bb3 Qf6 19. Qd3 Rad8 20. Qe2 Qg6 21. Qg4 Qxg4
22. hxg4 Kh7 23. g3 Rd6 24. Kg2 f5 25. gxf5 Rxf5 26. f3 Rg5 27. g4 h5 28. Bc1
Rgg6 29. Rh1 Rge6 30. Bxe6 Rxe6 31. Rxh5+ Kg8 32. Kf2 Re8 33. Ke2 g6 34. Rh1 Bb7
35. Kd3 Rd8 36. Bb2 Kf7 37. Rhd1 Kf6 38. Ke2 g5 39. c3 d3+ 40. Rxd3 Rh8 41. Rf1
Rh2+ 42. Rf2 Rh1 43. Rd1 Rh8 44. Ke1 Rh1+ 45. Rf1 Rh2 46. Rf2 Bg3 47. Rd2 Ke6
48. Kf1 Bxf2 49. Rxf2 Rh1+ 50. Kg2 Rb1 51. Re2 Ke5 52. c4+ Ke6 53. cxb5 axb5 54.
Kf2 Ba8 55. Ke3 Kd6 56. f4 gxf4+ 57. Kxf4 Ke6 58. e5 Rf1+ 59. Ke3 Bf3 60. Rf2
Rxf2 61. Kxf2 Bxg4 62. Ke3 Kd5 63. Kd3 Bd1 64. Kd2 1/2-1/2

[Event "AUTO-OPEN-1862"]
[Site "http://www.queenalice.com/game.php?id=724042"]
[Date "2010.2.1"]
[Round "1"]
[White "Guerreiro10000"]
[Black "whyBish"]
[Result "0-1"]
[WhiteElo "1845"]
[BlackElo "2083"]

1. e4 c5 2. Nf3 g6 3. Bc4 Bg7 4. e5 Nc6 5. b3 Nxe5 6. Bb2 Nxf3+ 7. Qxf3 Nf6 8.
Nc3 O-O 9. O-O e6 10. Rad1 d5 11. Be2 a6 12. d4 cxd4 13. Rxd4 Bd7 14. Rdd1 Ne4
15. Rb1 Nd2 16. Qd3 Nxf1 17. Bxf1 Rc8 18. Ne2 Bb5 19. Qe3 Rxc2 20. Bxg7 Kxg7 21.
Nd4 Rxa2 22. Bxb5 axb5 23. Nxb5 Qa5 24. Qc3+ Qxc3 25. Nxc3 Rc2 26. Nb5 Rfc8 27.
h3 Rc1+ 28. Rxc1 Rxc1+ 29. Kh2 Rb1 30. Nd4 e5 31. Nf3 f6 32. g4 Rxb3 33. Kg2
Rxf3 34. Kxf3 f5 35. gxf5 gxf5 36. Ke3 Kf6 37. f4 e4 38. Kd4 Ke6 39. h4 Kf6 40.
Ke3 b5 41. h5 h6 42. Kd4 b4 43. Ke3 b3 44. Kd2 d4 45. Kd1 e3 46. Kc1 e2 47. Kd2
b2 48. Kxe2 b1=Q 49. Kf2 Qe4 50. Kg3 d3 51. Kf2 d2 52. Kg3 d1=Q 53. Kf2 Qef3#
0-1

[Event "AUTO-OPEN-1862"]
[Site "http://www.queenalice.com/game.php?id=724043"]
[Date "2010.2.1"]
[Round "1"]
[White "whyBish"]
[Black "Guerreiro10000"]
[Result "1-0"]
[WhiteElo "2066"]
[BlackElo "1870"]

1. c4 e5 2. d3 c5 3. Nc3 d6 4. e3 Nf6 5. Be2 Nc6 6. Bf3 Be6 7. Nge2 d5 8. cxd5
Nxd5 9. O-O Be7 10. Bd2 O-O 11. Rc1 Ncb4 12. d4 cxd4 13. exd4 Nd3 14. dxe5 Nxc1
15. Bxc1 Qc7 16. Bxd5 Qxe5 17. Bxb7 Rab8 18. Bf4 Qh5 19. Bxb8 Rxb8 20. Bf3 Qg5
21. Qc2 h5 22. Ne4 Qe5 23. b3 h4 24. Qc3 Qf5 25. Qc7 Re8 26. Nd4 Qg6 27. Nxe6
Qxe6 28. Qxa7 Qf5 29. a4 h3 30. Ng3 Qf6 31. Qb7 hxg2 32. Bxg2 Qc3 33. Qc6 Rc8
34. Qxc3 Rxc3 35. Bd5 Rc5 36. Bc4 Kf8 37. Ra1 Ra5 38. Rd1 Bb4 39. Rd5 Ra8 40. h4
g6 41. Rd7 Be7 42. h5 gxh5 43. Nxh5 Ke8 44. Rb7 Ra5 45. Nf4 Rg5+ 46. Kf1 Rf5 47.
Rxe7+ Kxe7 48. Nd5+ Kd6 49. a5 Rxd5 50. Bxd5 Kxd5 51. Ke2 Kc5 52. b4+ Kc6 53. a6
Kb6 54. b5 Ka7 55. Ke3 Kb6 56. Ke4 1-0

[Event "Challenge"]
[Site "http://www.queenalice.com/game.php?id=733158"]
[Date "2010.2.17"]
[Round "-"]
[White "Guerreiro10000"]
[Black "eddval"]
[Result "0-1"]
[WhiteElo "1831"]
[BlackElo "1691"]

1. e4 e5 2. Nf3 Nf6 3. Nxe5 d6 4. Nf3 Nxe4 5. Qe2 Qe7 6. d3 Nf6 7. Nc3 Nc6 8.
Qxe7+ Bxe7 9. Be2 O-O 10. O-O a6 11. d4 Bf5 12. Bd3 Bxd3 13. cxd3 Nb4 14. Bf4
Nxd3 15. Rab1 Nxf4 16. Rfe1 Rfe8 17. Rbd1 Bf8 18. d5 Rxe1+ 19. Nxe1 Re8 20. Kf1
g5 21. g3 Ng6 22. f3 Bg7 23. a4 Nd7 24. Nd3 Bxc3 25. bxc3 Re3 26. Kf2 Re7 27.
Rb1 b6 28. c4 Nge5 29. Nxe5 Nxe5 30. Rc1 Nd3+ 0-1

[Event "Challenge"]
[Site "http://www.queenalice.com/game.php?id=733752"]
[Date "2010.2.18"]
[Round "-"]
[White "thiagobrumchess"]
[Black "Guerreiro10000"]
[Result "0-1"]
[WhiteElo "1814"]
[BlackElo "1696"]

1. e4 e5 2. Nf3 Nc6 3. Bc4 Bc5 4. O-O Nf6 5. Ng5 O-O 6. Bxf7+ Rxf7 7. Nxf7 Kxf7
8. Nc3 d5 9. Nxd5 Nxe4 10. Qf3+ Nf6 11. Nxf6 Qxf6 12. Qd5+ Be6 13. Qxc5 Qg6 14.
f4 Bh3 15. fxe5+ Kg8 16. Rf2 Re8 17. b3 Nxe5 18. Qc3 Bf5 19. Re2 Ng4 20. Rxe8+
Qxe8 21. Bb2 Qe7 22. d3 Qe3+ 23. Kh1 Nf2+ 24. Kg1 Nd1+ 25. Kf1 Qf2# 0-1

[Event "Challenge"]
[Site "http://www.queenalice.com/game.php?id=744129"]
[Date "2010.3.10"]
[Round "-"]
[White "Guerreiro10000"]
[Black "Blackangel"]
[Result "1-0"]
[WhiteElo "1883"]
[BlackElo "2056"]

1. e4 c5 2. Nf3 Nc6 3. c4 Nf6 4. Nc3 d6 5. d4 cxd4 6. Nxd4 Ne5 7. Be2 g6 8. b3
Bg7 9. Bb2 O-O 10. O-O Neg4 11. h3 Ne5 12. Rb1 a6 13. Nf3 Nfd7 14. Nd5 Nxf3+ 15.
Bxf3 Bxb2 16. Rxb2 Ne5 17. Be2 f5 18. f4 Nc6 19. Bf3 e6 20. Ne3 fxe4 21. Bxe4
Ne7 22. Rd2 Qb6 23. Rd3 e5 24. fxe5 Rxf1+ 25. Qxf1 dxe5 26. Kh1 Be6 27. Qf6 Re8
28. Qxe5 Nc6 29. Qg5 Bf7 30. Qf4 Nb4 31. Rd7 Qe6 32. Rxb7 Nxa2 33. Ng4 Kh8 34.
Rxf7 1-0

[Event "Challenge"]
[Site "http://www.queenalice.com/game.php?id=745441"]
[Date "2010.3.13"]
[Round "-"]
[White "theblackfox"]
[Black "Guerreiro10000"]
[Result "0-1"]
[WhiteElo "1884"]
[BlackElo "1850"]

1. e4 e5 2. Nf3 Nc6 3. Nc3 Bc5 4. Bb5 d6 5. O-O Bd7 6. d3 Nf6 7. Bg5 h6 8. Nd5
hxg5 9. Nxg5 Nxd5 10. exd5 Qxg5 11. dxc6 Bxc6 12. Bxc6+ bxc6 13. Re1 Qf4 14. Re2
Qxh2+ 0-1

[Event "Challenge"]
[Site "http://www.queenalice.com/game.php?id=745444"]
[Date "2010.3.13"]
[Round "-"]
[White "Guerreiro10000"]
[Black "theblackfox"]
[Result "1-0"]
[WhiteElo "1921"]
[BlackElo "1884"]

1. e4 e5 2. Nf3 Nc6 3. Bc4 Bb4 4. a3 Ba5 5. b4 Bb6 6. O-O Nd4 7. Nxe5 Qf6 8. Nd3
d6 9. Kh1 Qh4 10. Bb2 Qxe4 11. Re1 Ne2 12. Rxe2 Be3 13. Rxe3 Bg4 14. Rxe4+ Be6
15. Bxg7 d5 16. Bxd5 O-O-O 17. Bxh8 Rxd5 18. Nc3 Rf5 19. Qe2 Nh6 20. Rxe6 fxe6
21. Qxe6+ Kd8 22. Re1 Rf8 23. Qe7+ Kc8 24. Nc5 Rd8 25. Qe6+ Kb8 26. Nd5 Rxh8 27.
Qe8+ Rxe8 28. Rxe8# 1-0

[Event "Challenge"]
[Site "http://www.queenalice.com/game.php?id=752377"]
[Date "2010.3.27"]
[Round "-"]
[White "esteban"]
[Black "Guerreiro10000"]
[Result "1/2-1/2"]
[WhiteElo "1842"]
[BlackElo "1927"]

1. e4 e5 2. Nf3 Nc6 3. d4 exd4 4. Nxd4 Qh4 5. Nc3 Bb4 6. Qd3 Bxc3+ 7. bxc3 Ne5
8. Qg3 Qxg3 9. hxg3 a6 10. Bf4 d6 11. Be2 Nf6 12. f3 Bd7 13. Rb1 Rb8 14. Bxa6
O-O 15. Be2 Rfe8 16. Kf2 c6 17. Rb2 d5 18. Rhb1 dxe4 19. Rxb7 Rbc8 20. Bxe5 Rxe5
21. Rb8 Rce8 22. Rxe8+ Rxe8 23. a4 e3+ 24. Kf1 c5 25. Bb5 cxd4 26. cxd4 Bxb5+
27. Rxb5 h6 28. Ke2 Ra8 29. Kxe3 Rxa4 30. Rb2 1/2-1/2

[Event "Challenge"]
[Site "http://www.queenalice.com/game.php?id=766671"]
[Date "2010.4.26"]
[Round "-"]
[White "Samelo"]
[Black "Guerreiro10000"]
[Result "0-1"]
[WhiteElo "1725"]
[BlackElo "1907"]

1. d4 d5 2. Nf3 Nc6 3. Bf4 e6 4. e3 h6 5. Bb5 Bd7 6. O-O Nf6 7. Bxc6 Bxc6 8.
Nbd2 Bd6 9. Bxd6 Qxd6 10. c4 O-O 11. c5 Qd8 12. b4 b6 13. a4 bxc5 14. bxc5 Qd7
15. Ne5 Qe8 16. Rb1 Bxa4 17. Qe2 a6 18. Rfc1 c6 19. Nb3 Bb5 20. Qd2 Nd7 21. Nd3
Qd8 22. Na5 Qc7 23. f4 Bxd3 24. Rb7 Qd8 25. Nxc6 Qe8 26. Qxd3 Kh8 27. Ne5 Nxe5
28. fxe5 Qc8 29. Rcb1 a5 30. R1b5 a4 31. Qa3 Qc6 32. R7b6 Qc7 33. Rb4 Qa7 34.
Rb7 Qa6 35. Kf2 f6 36. Kg3 fxe5 37. dxe5 Rfc8 38. R7b6 Qa7 39. Rb7 Qxc5 40. R7b5
Qc7 41. Qa1 a3 42. Rb7 Qc3 43. Qxc3 Rxc3 44. Rb8+ Rc8 45. Rxc8+ Rxc8 46. Ra4 Rc3
0-1

[Event "Challenge"]
[Site "http://www.queenalice.com/game.php?id=771849"]
[Date "2010.5.6"]
[Round "-"]
[White "eddval"]
[Black "Guerreiro10000"]
[Result "1-0"]
[WhiteElo "2007"]
[BlackElo "1945"]

1. e4 e5 2. Nf3 Nc6 3. d4 exd4 4. Nxd4 Qh4 5. Nb5 Qxe4+ 6. Be2 Bd6 7. O-O Qf5 8.
Re1 Be5 9. Bd3 Qf6 10. f4 a6 11. fxe5 Nxe5 12. Nxc7+ Kd8 13. Nxa8 Ne7 14. Qh5 b5
15. Rxe5 Bb7 16. Be4 Nc6 17. Bg5 Qxg5 18. Qxg5+ f6 19. Qxg7 fxe5 20. Bf5 Bc8 21.
Qf6+ Ke8 22. Nc7# 1-0

[Event "Challenge"]
[Site "http://www.queenalice.com/game.php?id=778516"]
[Date "2010.5.20"]
[Round "-"]
[White "eddval"]
[Black "Guerreiro10000"]
[Result "1-0"]
[WhiteElo "2031"]
[BlackElo "1924"]

1. c4 g6 2. d4 e6 3. e4 Bg7 4. f4 d5 5. e5 c5 6. Nf3 Nc6 7. Be3 cxd4 8. Nxd4
Nge7 9. Nc3 Nxd4 10. Bxd4 O-O 11. Bc5 b6 12. Ba3 Bb7 13. Nb5 Kh8 14. Nd6 Qd7 15.
Qc2 Rg8 16. Nxf7# 1-0

[Event "Challenge"]
[Site "http://www.queenalice.com/game.php?id=795147"]
[Date "2010.6.26"]
[Round "-"]
[White "Guerreiro10000"]
[Black "bienopia"]
[Result "0-1"]
[WhiteElo "1898"]
[BlackElo "1828"]

1. e4 a6 2. d4 h6 3. Nf3 c6 4. c4 d5 5. cxd5 cxd5 6. exd5 Qxd5 7. Nc3 Qd8 8. Be2
Bg4 9. O-O e6 10. d5 Bxf3 11. Bxf3 e5 12. Re1 Bd6 13. a3 Nf6 14. b4 Nbd7 15. Bb2
Rc8 16. Rc1 O-O 17. Qb3 b5 18. Rcd1 Nb6 19. a4 bxa4 20. Nxa4 Nfd7 21. Nxb6 Qxb6
22. Bc3 a5 23. Rb1 Rb8 24. Re4 Nf6 25. Rc4 Qb5 26. Rh4 Rfc8 27. h3 a4 28. Qa3
Nxd5 29. Bxd5 Qxd5 30. Qxa4 Rxc3 31. b5 f5 32. b6 e4 33. b7 Rxb7 34. Qa8+ Kh7
35. Rf1 Qe5 36. g3 Rxg3+ 37. Kh1 Rg1+ 38. Rxg1 Qh2# 0-1

[Event "Challenge"]
[Site "http://www.queenalice.com/game.php?id=795148"]
[Date "2010.6.26"]
[Round "-"]
[White "bienopia"]
[Black "Guerreiro10000"]
[Result "1/2-1/2"]
[WhiteElo "1836"]
[BlackElo "1926"]

1. d4 d5 2. f4 Nc6 3. a3 g6 4. e3 Bg7 5. Bb5 Bd7 6. Nc3 Nf6 7. h3 a6 8. Ba4 e6
9. Nf3 Ne4 10. Nxe4 dxe4 11. Bxc6 Bxc6 12. Ne5 Bxe5 13. fxe5 Bb5 14. g3 O-O 15.
b3 f6 16. c4 Bc6 17. exf6 Qxf6 18. Qe2 Qf3 19. Qxf3 exf3 20. Kf2 Be4 21. Bd2 b6
22. a4 a5 23. h4 c5 24. Rae1 Rfd8 25. Bc3 Rf8 26. Rc1 h5 27. Rhe1 Rf7 28. Red1
Rd7 1/2-1/2

[Event "Challenge"]
[Site "http://www.queenalice.com/game.php?id=795150"]
[Date "2010.6.26"]
[Round "-"]
[White "Guerreiro10000"]
[Black "bienopia"]
[Result "1-0"]
[WhiteElo "1877"]
[BlackElo "1872"]

1. e4 a6 2. Nf3 h6 3. d4 c6 4. b3 d5 5. exd5 cxd5 6. Nc3 Bg4 7. Be2 e6 8. Ne5
Bxe2 9. Qxe2 Nc6 10. Nxc6 bxc6 11. a3 Bd6 12. Na4 Ne7 13. c4 Nf5 14. Qd3 Qh4 15.
Be3 O-O 16. cxd5 cxd5 17. b4 a5 18. bxa5 Nxe3 19. Qxe3 Rxa5 20. Nc5 Bxc5 21.
dxc5 Rc8 22. O-O Raxc5 23. a4 Rc3 24. Qb6 Ra8 25. a5 Qg5 26. a6 Qe7 27. a7 Rcc8
28. h3 Kh7 29. Ra2 e5 30. Rfa1 f5 31. Ra6 Qf7 32. Qe6 Qxe6 33. Rxe6 e4 34. Re5
d4 35. Rxf5 Rc7 36. Rd5 d3 37. Rd4 Rcxa7 38. Rxa7 Rxa7 39. f3 Ra1+ 40. Kf2 exf3
41. Rxd3 fxg2 42. Kxg2 g5 43. Rf3 Kg6 44. Rf1 Rxf1 45. Kxf1 Kh5 46. Kg2 Kh4 47.
Kh2 h5 48. Kg2 g4 49. hxg4 hxg4 50. Kh2 g3+ 51. Kg2 Kg4 52. Kg1 Kh3 53. Kh1 Kg4
54. Kg2 Kf4 55. Kg1 Kf3 56. Kh1 1-0

[Event "Challenge"]
[Site "http://www.queenalice.com/game.php?id=795153"]
[Date "2010.6.26"]
[Round "-"]
[White "bienopia"]
[Black "Guerreiro10000"]
[Result "1-0"]
[WhiteElo "1826"]
[BlackElo "1922"]

1. d4 d5 2. f4 Nc6 3. a3 f5 4. Nf3 Nf6 5. e3 a6 6. Nc3 e6 7. Bd3 Be7 8. Ne5 Nxe5
9. fxe5 Ne4 10. Ne2 O-O 11. Bxe4 fxe4 12. g3 Qe8 13. b3 c5 14. c3 Bd7 15. Bd2
cxd4 16. exd4 b5 17. h4 Rf7 18. Bf4 Qf8 19. Qd2 a5 20. Rf1 Bxa3 21. Kf2 Be7 22.
Kg2 Qe8 23. Bg5 Bf8 24. Rxf7 Qxf7 25. Rf1 Qh5 26. Nf4 Qg4 27. Qf2 Rc8 28. Ne2 a4
29. Qf7+ 1-0

[Event "Challenge"]
[Site "http://www.queenalice.com/game.php?id=796537"]
[Date "2010.6.29"]
[Round "-"]
[White "piemme"]
[Black "Guerreiro10000"]
[Result "0-1"]
[WhiteElo "1651"]
[BlackElo "1919"]

1. e4 e5 2. Nf3 Nc6 3. Bb5 Nd4 4. Nxd4 exd4 5. d3 c5 6. O-O a6 7. Bc4 Nf6 8. Bg5
d6 9. Nd2 Be7 10. Bxf6 Bxf6 11. Nf3 O-O 12. c3 dxc3 13. bxc3 Bxc3 14. Rb1 b5 15.
Bd5 Rb8 16. Qc1 Ba5 17. Ng5 Qf6 18. Nxf7 Be6 19. Bxe6 Qxe6 20. Qf4 Rxf7 21. Qd2
Bxd2 0-1